000
00315nam a2200133Ia 4500
008
240624s9999 xx 000 0 und d
041
_a
eng
082
_a
828 DAS
100
_a
DAS GURCHARAN
245
_a
INDIA GROWS AT NIGHT
260
_c
2012
_a
New Delhi
_b
Penguin
300
_a
308 : p. : cm. ; 20
365
_c
RS
999
_c
28056
_d
28056